logo

Bir Sreshtho Munshi Abdur Rouf Library
Jhenaidah Cadet College

The sands of time / (Record no. 12703)

MARC details
000 -LEADER
fixed length control field 00544nam a2200217 a 4500
001 - CONTROL NUMBER
control field 12703
003 - CONTROL NUMBER IDENTIFIER
control field BD-JhCC
005 - DATE AND TIME OF LATEST TRANSACTION
control field 20230508172927.0
008 - FIXED-LENGTH DATA ELEMENTS--GENERAL INFORMATION
fixed length control field 23 s20191989enk d 000 1 eng d
020 ## - INTERNATIONAL STANDARD BOOK NUMBER
International Standard Book Number 9788172234805
035 ## - SYSTEM CONTROL NUMBER
System control number (BD-JhCC)12703
040 ## - CATALOGING SOURCE
Transcribing agency BD-JhCC
082 ## - DEWEY DECIMAL CLASSIFICATION NUMBER
Classification number 813.52
Edition number 19
Item number SHE 2019
092 ## - LOCALLY ASSIGNED DEWEY CALL NUMBER (OCLC)
Classification number D0401068123
100 1# - MAIN ENTRY--PERSONAL NAME
Personal name Sheldon, Sidney.
245 14 - TITLE STATEMENT
Title The sands of time /
Statement of responsibility, etc. Sidney Sheldon
260 ## - PUBLICATION, DISTRIBUTION, ETC.
Place of publication, distribution, etc. Bath :
Name of publisher, distributor, etc. Harper Collins,
Date of publication, distribution, etc. 2019
300 ## - PHYSICAL DESCRIPTION
Extent 407 p :
Dimensions 25 cm
650 ## - SUBJECT ADDED ENTRY--TOPICAL TERM
Topical term or geographic name entry element Dective stories
942 ## - ADDED ENTRY ELEMENTS (KOHA)
Source of classification or shelving scheme Dewey Decimal Classification
Koha item type Books
Holdings
Withdrawn status Lost status Source of classification or shelving scheme Damaged status Not for loan Home library Current library Shelving location Date acquired Cost, normal purchase price Total Checkouts Full call number Barcode Date last seen Date last checked out Copy number Price effective from Koha item type
    Dewey Decimal Classification     JCC Rouf Library JCC Rouf Library General Stacks 05/08/2023 400.00 16 813.52 SHE 2019 17687 02/09/2026 01/25/2026 C-1 05/08/2023 Books

JCC Library | Contacts | JCC Home

Last Update on 23 September 2017
Copyright @ 2017-2020 JCC Rouf Library
Rouf Library, Jhenidah Cadet College (JCC), Bangladesh